000 00627nam a2200181Ia 4500
003 GCL
008 140319s9999 xx 000 0 ara d
040 _aGCL /
_cGCL
082 0 4 _a801.92
_bأ ض
100 1 _aادوارد سعيد
245 1 0 _aالضوء المشرقى :
_bادونيس كما يراه مفكرون وشعراء عالميون /
_cادوارد سعيد
250 _aالاولى
260 _aسوريا :
_bبدايات للطباعة و للنشر والتوزيع ،
_c2004
300 _a347 ص ؛
_c24 سم
650 0 4 _aادونيس
650 0 4 _aالشعر - تاريخ ونقد
942 _2ddc
_cBK
999 _c7371
_d7371